Online
Catalog

Despierta, Colombia! / (Record no. 14012)

MARC details
000 -CABECERA
campo de control de longitud fija 00673cam a2200205 a 4500
001 - NÚMERO DE CONTROL
campo de control 000014421
005 - FECHA Y HORA DE LA ÚLTIMA TRANSACCIÓN
campo de control 20200929163841.0
008 - DATOS DE LONGITUD FIJA--INFORMACIÓN GENERAL
campo de control de longitud fija 860127s1970 ck 000 0 spa d
040 ## - FUENTE DE LA CATALOGACIÓN
Centro catalogador/agencia de origen DO-SdBNP
Lengua de catalogación spa
Centro/agencia transcriptor BNPHU
082 ## - NÚMERO DE LA CLASIFICACIÓN DECIMAL DEWEY
Número de clasificación 986.10632
Número de documento/Ítem B562d
100 1# - ENTRADA PRINCIPAL--NOMBRE DE PERSONA
Nombre de persona Betancur, Belisario,
Fechas asociadas al nombre 1923-
9 (RLIN) 32544
245 10 - MENCIÓN DE TÍTULO
Título Despierta, Colombia! /
Mención de responsabilidad, etc. Belisario Betancur.
260 ## - PUBLICACIÓN, DISTRIBUCIÓN, ETC.
Lugar de publicación, distribución, etc. Bogotá :
Nombre del editor, distribuidor, etc. Tercer Mundo,
Fecha de publicación, distribución, etc. 1970.
300 ## - DESCRIPCIÓN FÍSICA
Extensión 329 p. ;
Dimensiones 21 cm.
490 1# - MENCIÓN DE SERIE
Mención de serie Documentos Políticos
504 ## - NOTA DE BIBLIOGRAFÍA, ETC.
Nota de bibliografía, etc. Incluye notas al pie de las páginas.
651 #4 - PUNTO DE ACCESO ADICIONAL DE MATERIA--NOMBRE GEOGRÁFICO
Nombre geográfico Colombia
Subdivisión general Política Y Gobierno
Subdivisión cronológica 1946-1974.
9 (RLIN) 4127
651 #4 - PUNTO DE ACCESO ADICIONAL DE MATERIA--NOMBRE GEOGRÁFICO
Nombre geográfico Colombia
Subdivisión general Política Social
9 (RLIN) 32545
830 #0 - PUNTO DE ACCESO ADICIONAL DE SERIE-TÍTULO UNIFORME
Título uniforme Documentos Políticos
9 (RLIN) 30638
Holdings
Estado de retiro Estado de pérdida Restricciones de uso No para préstamo Código de colección Localización permanente Ubicación/localización actual Ubicación en estantería Fecha de adquisición Número de inventario Total de préstamos Signatura topográfica completa Código de barras Fecha visto por última vez Precio válido a partir de Tipo de ítem Koha
      Excluido de préstamo Monografías: Libros y Folletos General General En catalogación 14.12.2009 LF1   986.10632 B562d 14421-10 25.06.2020 25.06.2020 No se presta

Powered by Koha